[Event "ARG-chT (Women)"]
[Site "Buenos Aires"]
[Date "2007.06.23"]
[Round "5.4"]
[White "Carraro, Denise"]
[Black "Salden, Franziska"]
[Result "1/2-1/2"]
[WhiteElo "2045"]
[BlackElo "1976"]
[PlyCount "147"]
[EventDate "2007.05.26"]
[EventType "team"]
[EventRounds "7"]
[EventCountry "ARG"]
[SourceTitle "EXT 2008"]
[Source "ChessBase"]
[SourceDate "2007.11.25"]
[SourceVersion "1"]
[SourceVersionDate "2007.11.25"]
[SourceQuality "1"]

1. e4 e6 2. d4 d5 3. Nc3 Nf6 4. Bg5 dxe4 5. Nxe4 Be7 6. Bxf6 gxf6 7. Nf3 b6 8. Bb5+ c6 9. Bd3 Bb7 10. Qe2 Nd7 11. 0-0-0 Qc7 12. Kb1 0-0-0 13. c4 Rhg8 14. Ng3 Nf8 15. Rhe1 Bb4 16. Rg1 Ng6 17. Qc2 Kb8 18. h4 f5 19. c5 bxc5 20. a3 Bxa3 21. bxa3 cxd4 22. Qb2 c5 23. Rc1 Qb6 24. Ng5 Ne5 25. Bb5 h6 26. Nh3 Rg4 27. Ka1 a6 28. Be2 Qxb2+ 29. Kxb2 Rxh4 30. Rxc5 f6 31. Nf1 d3 32. Bd1 d2 33. Rc3 Nd3+ 34. Ka1 Ne5 35. f4 Ng6 36. Rc2 Nxf4 37. Nxf4 Rxf4 38. Rxd2 Rxd2 39. Nxd2 Rf2 40. Nf3 e5 41. Nh4 e4 42. g3 Bd5 43. Kb1 Bc4 44. Rg2 e3 45. Kc1 e2 46. Bxe2 Rxg2 47. Nxg2 Bxe2 48. Nf4 Bg4 49. Kd2 Kb7 50. Kc3 a5 51. Nd5 Kc6 52. Kd4 Kb5 53. Nc3+ Kc6 54. Nd5 h5 55. Nxf6 Kd6 56. Nd5 Bf3 57. Nf4 Bg4 58. Nd5 Kc6 59. Nc3 f4 60. gxf4 h4 61. Ke3 h3 62. Kf2 Kc5 63. Ne4+ Kc4 64. f5 h2 65. Ng3 Bxf5 66. Kg2 h1Q+ 67. Kxh1 Bd3 68. Kg1 a4 69. Kf2 Kb3 70. Ke3 Bb1 71. Ne2 Kc4 72. Kd2 Kb3 73. Nc3 Ba2 74. Nxa4 1/2-1/2

[Event "GER-chT U20 Girls"]
[Site "Torgelow"]
[Date "2006.12.27"]
[Round "1.4"]
[White "Salden, Franziska"]
[Black "Hartmann, Elisa"]
[Result "0-1"]
[WhiteElo "1976"]
[BlackElo "1521"]
[PlyCount "154"]
[EventDate "2006.12.27"]
[EventType "team-swiss"]
[EventRounds "7"]
[EventCountry "GER"]
[SourceTitle "EXT 2008"]
[Source "ChessBase"]
[SourceDate "2007.11.25"]
[SourceVersion "1"]
[SourceVersionDate "2007.11.25"]
[SourceQuality "1"]
[WhiteTeam "Leipzig Gohlis U20 Girls"]
[BlackTeam "Torgelow Droegeheide U20 Girls"]
[WhiteTeamCountry "GER"]
[BlackTeamCountry "GER"]

1. e4 e5 2. Nf3 Nc6 3. d4 exd4 4. Nxd4 Bc5 5. Be3 Qf6 6. c3 Nge7 7. Bc4 Ne5 8. Be2 Qg6 9. 0-0 0-0 10. Nd2 d6 11. Bh5 Qf6 12. Kh1 Qh4 13. h3 N7g6 14. Nf5 Bxf5 15. exf5 Nf4 16. Bxc5 Nxh5 17. Be3 Nf6 18. f4 Neg4 19. Bd4 Rfe8 20. Nf3 Qh5 21. Qd3 Re7 22. Kg1 Nh6 23. Ng5 Rae8 24. g4 Nhxg4 25. hxg4 Qxg4+ 26. Kh1 Re2 27. Qh3 Qxh3+ 28. Nxh3 Ng4 29. Rf3 Rxb2 30. Rg3 h5 31. Rg2 Ree2 32. Rxe2 Rxe2 33. Ng5 c5 34. Bg1 f6 35. Ne6 g6 36. Rd1 gxf5 37. Rxd6 b6 38. a3 Ra2 39. Nc7 Rxa3 40. Nb5 Ra1 41. Rd5 Kg7 42. Rd7+ Kg6 43. Rxa7 Rb1 44. Nc7 Nf2+ 45. Kg2 Ne4 46. Nd5 Rb3 47. Rb7 Nxc3 48. Rxb6 Rxb6 49. Nxb6 Ne4 50. Kf3 Kf7 51. Nc4 Ke6 52. Ke2 Kd5 53. Ne3+ Ke6 54. Nc4 h4 55. Kf3 h3 56. Ne3 Nd2+ 57. Kg3 c4 58. Nc2 Kd5 59. Bd4 Ke4 60. Bxf6 h2 61. Kxh2 Kxf4 62. Kg2 Ke4 63. Kf2 Kd3 64. Nb4+ Ke4 65. Ke2 Nb3 66. Nc2 f4 67. Bd8 c3 68. Bb6 Nc1+ 69. Kd1 Nd3 70. Ke2 f3+ 71. Kf1 Nf4 72. Ne1 Nd3 73. Nc2 Nb2 74. Ba7 Nd1 75. Bb6 Kd3 76. Ne1+ Kd2 77. Nxf3+ Kc1 0-1

[Event "BL2 Gr02 0506 (Women)"]
[Site "Germany"]
[Date "2005.10.30"]
[Round "2.6"]
[White "Salden, Franziska"]
[Black "Wiesner, Franziska"]
[Result "1-0"]
[WhiteElo "1642"]
[BlackElo "1662"]
[PlyCount "57"]
[EventDate "2005.10.29"]
[EventType "team-tourn"]
[EventRounds "7"]
[EventCountry "GER"]
[SourceTitle "EXT 2007"]
[Source "ChessBase"]
[SourceDate "2006.11.23"]
[SourceVersion "1"]
[SourceVersionDate "2006.11.23"]
[SourceQuality "1"]
[WhiteTeam "Leipzig Gohlis"]
[BlackTeam "Karlsruhe II"]
[WhiteTeamCountry "GER"]
[BlackTeamCountry "GER"]

1. e4 c5 2. Nf3 Nc6 3. d4 cxd4 4. Nxd4 e6 5. Nc3 a6 6. Bc4 d6 7. Be3 Nf6 8. Qe2 Be7 9. 0-0-0 0-0 10. g4 Nxd4 11. Bxd4 b5 12. Bb3 Qc7 13. g5 Ne8 14. Qh5 b4 15. Na4 Qa5 16. Rhg1 g6 17. Qh6 e5 18. Be3 Rb8 19. h4 Ng7 20. h5 Nxh5 21. Rh1 Bg4 22. Rxh5 gxh5 23. g6 hxg6 24. Qxg6+ Kh8 25. Qh6+ Kg8 26. Rg1 d5 27. Qxh5 f5 28. Qg6+ Kh8 29. Rh1+ 1-0

[Event "GER-ch U18 Girls"]
[Site "Willingen"]
[Date "2005.05.19"]
[Round "8"]
[White "Salden, Franziska"]
[Black "Chin, Karin"]
[Result "0-1"]
[WhiteElo "2021"]
[BlackElo "1991"]
[PlyCount "110"]
[EventDate "2005.05.14"]
[EventType "swiss"]
[EventRounds "9"]
[EventCountry "GER"]
[SourceTitle "CBM 106 Extra"]
[Source "ChessBase"]
[SourceDate "2005.07.01"]
[SourceVersion "1"]
[SourceVersionDate "2005.07.01"]
[SourceQuality "1"]

1. e4 c5 2. Nf3 Nc6 3. d4 cxd4 4. Nxd4 g6 5. Nc3 Bg7 6. Be3 Nf6 7. Bc4 Qa5 8. 0-0 0-0 9. h3 d6 10. f4 Qb4 11. Bb3 Nxd4 12. Bxd4 Nxe4 13. Bxg7 Kxg7 14. Nxe4 Qxe4 15. Re1 Qxf4 16. Rxe7 Bxh3 17. Qd5 Qf6 18. Rxb7 Bc8 19. Rc7 Ba6 20. Bc4 Rac8 21. Rf1 Bxc4 22. Qxc4 Rxc7 23. Qxc7 Qxb2 24. Qxa7 Qxc2 25. Qd4+ Kg8 26. a4 Qc5 27. Qxc5 dxc5 28. a5 c4 29. Rc1 Ra8 30. Rxc4 Rxa5 31. Kf2 Ra3 32. Rc5 h5 33. Kg1 Kg7 34. Kh2 Kh6 35. Rb5 g5 36. Rb6+ Kg7 37. Rc6 f6 38. Rb6 Kg6 39. Rb5 Re3 40. Ra5 Rc3 41. Rb5 g4 42. Rb8 Kg5 43. g3 h4 44. Rb5+ Kg6 45. gxh4 Rh3+ 46. Kg2 Rxh4 47. Kg3 Rh5 48. Rb6 Kg5 49. Rb4 Rh3+ 50. Kg2 Ra3 51. Rc4 f5 52. Rb4 f4 53. Rb8 Ra2+ 54. Kg1 Kh4 55. Rh8+ Kg3 0-1

[Event "GER-chT U20 Girls"]
[Site "Pori"]
[Date "2004.12.29"]
[Round "6.3"]
[White "Leinenbach, Janine"]
[Black "Salden, Franziska"]
[Result "1/2-1/2"]
[WhiteElo "1504"]
[BlackElo "1708"]
[PlyCount "40"]
[EventDate "2004.12.27"]
[EventType "team"]
[EventRounds "7"]
[EventCountry "GER"]
[SourceTitle "EXT 2006"]
[Source "ChessBase"]
[SourceDate "2005.11.24"]
[SourceVersion "1"]
[SourceVersionDate "2005.11.24"]
[SourceQuality "1"]

1. c4 e6 2. d4 d5 3. e3 Nf6 4. Nc3 Be7 5. cxd5 exd5 6. Nf3 Bf5 7. Be2 c6 8. Bd2 Nbd7 9. Rc1 0-0 10. 0-0 Re8 11. Qb3 Rb8 12. Na4 Ne4 13. Bb4 Ndf6 14. Bxe7 Qxe7 15. Nc5 Bg4 16. Qc2 Nxc5 17. Qxc5 a6 18. Qxe7 Rxe7 19. Rfe1 Ne4 20. Nd2 Nxd2 1/2-1/2

[Event "GER-ch U18 Girls"]
[Site "Willingen"]
[Date "2004.06.04"]
[Round "9"]
[White "Salden, Franziska"]
[Black "Katte, Isabel"]
[Result "1/2-1/2"]
[WhiteElo "1637"]
[BlackElo "1944"]
[PlyCount "49"]
[EventDate "2004.06.??"]
[EventType "swiss"]
[EventRounds "9"]
[EventCountry "GER"]
[SourceTitle "EXT 2005"]
[Source "ChessBase"]
[SourceDate "2004.11.15"]
[SourceVersion "1"]
[SourceVersionDate "2004.11.15"]
[SourceQuality "1"]

1. e4 b6 2. d4 Bb7 3. Bd3 e6 4. Qe2 Bb4+ 5. c3 Be7 6. Nf3 d6 7. 0-0 Nd7 8. Na3 a6 9. Nc2 c5 10. Re1 e5 11. Ne3 Ngf6 12. Nf5 0-0 13. Bg5 Re8 14. Rad1 Qc7 15. d5 b5 16. N3h4 Bf8 17. Qf3 Kh8 18. g4 Ng8 19. Kh1 g6 20. Ng3 f6 21. Bc1 Be7 22. Ne2 Nf8 23. Qg3 Bd8 24. Rg1 Re7 25. Qh3 1/2-1/2

[Event "GER-ch U18 Girls"]
[Site "Willingen"]
[Date "2004.06.01"]
[Round "5"]
[White "Wolowski, Laura"]
[Black "Salden, Franziska"]
[Result "1/2-1/2"]
[WhiteElo "1777"]
[BlackElo "1637"]
[PlyCount "58"]
[EventDate "2004.06.??"]
[EventType "swiss"]
[EventRounds "9"]
[EventCountry "GER"]
[SourceTitle "EXT 2005"]
[Source "ChessBase"]
[SourceDate "2004.11.15"]
[SourceVersion "1"]
[SourceVersionDate "2004.11.15"]
[SourceQuality "1"]

1. e4 e6 2. d4 d5 3. exd5 exd5 4. Nf3 Nf6 5. Bg5 Be7 6. Bd3 Bg4 7. 0-0 0-0 8. Nbd2 Nbd7 9. c3 c6 10. Qc2 h6 11. Bh4 Re8 12. Rfe1 Nh5 13. Bxe7 Rxe7 14. h3 Bxf3 15. Nxf3 Nf4 16. Bf1 Nf6 17. g3 Ne6 18. Bd3 Qc7 19. Re2 Rae8 20. Rae1 Qa5 21. a3 Qc7 22. Bf5 Qd6 23. Ne5 Ng5 24. Kg2 Nge4 25. h4 Qc7 26. f3 Nd6 27. Bh3 Nh5 28. Bg4 Nf6 29. Bh3 Nh5 1/2-1/2

[Event "GER-chT U20 Girls"]
[Site "Ditzingen"]
[Date "2003.12.30"]
[Round "7.3"]
[White "Salden, Franziska"]
[Black "Ruedel, Anita"]
[Result "0-1"]
[WhiteElo "1471"]
[BlackElo "1438"]
[PlyCount "98"]
[EventDate "2003.12.27"]
[EventType "team-swiss"]
[EventRounds "7"]
[EventCountry "GER"]
[SourceTitle "EXT 2022"]
[Source "ChessBase"]
[SourceDate "2021.10.06"]
[SourceVersion "1"]
[SourceVersionDate "2021.10.06"]
[SourceQuality "1"]
[WhiteTeam "Leipzig Gohlis U20 Girls"]
[BlackTeam "Tamm 74 U20 Girls"]
[WhiteTeamCountry "GER"]
[BlackTeamCountry "GER"]

1. e4 e6 2. d4 d5 3. Nc3 Bb4 4. e5 c5 5. a3 Bxc3+ 6. bxc3 Qc7 7. Qg4 f5 8. Qg3 cxd4 9. cxd4 Ne7 10. c3 0-0 11. Bd2 Nbc6 12. h4 Na5 13. Nh3 Nb3 14. Ra2 Nxd2 15. Kxd2 Nc6 16. Nf4 Qa5 17. Nh5 Rf7 18. Qd3 a6 19. Be2 b5 20. Rb1 Rb8 21. Raa1 Rbb7 22. Ke3 Qb6 23. f4 Qd8 24. Rh1 Na5 25. Kf2 Nc4 26. Qc2 Rbc7 27. Ng3 Qe7 28. a4 bxa4 29. Rxa4 Qe8 30. Bxc4 Rxc4 31. Rxc4 dxc4 32. Nf1 Rb7 33. Nd2 Qc6 34. Qa2 Rd7 35. Rb1 Bb7 36. Nf3 Qe4 37. Rb2 Qxf4 38. Rb6 Bxf3 39. gxf3 Qxh4+ 40. Ke3 Qg5+ 41. Kf2 Qh4+ 42. Kg2 Qg5+ 43. Kf2 f4 44. Kf1 Qf5 45. Qe2 a5 46. Ra6 Qd3 47. Rxa5 Qxc3 48. Rc5 Rb7 49. Qxc4 Qxf3+ 0-1

[Event "GER-chT U20 Girls"]
[Site "Ditzingen"]
[Date "2003.12.27"]
[Round "2.3"]
[White "Salden, Franziska"]
[Black "Stoehr, Friederike"]
[Result "0-1"]
[WhiteElo "1471"]
[BlackElo "1539"]
[PlyCount "72"]
[EventDate "2003.12.27"]
[EventType "team-swiss"]
[EventRounds "7"]
[EventCountry "GER"]
[SourceTitle "EXT 2022"]
[Source "ChessBase"]
[SourceDate "2021.10.06"]
[SourceVersion "1"]
[SourceVersionDate "2021.10.06"]
[SourceQuality "1"]
[WhiteTeam "Leipzig Gohlis U20 Girls"]
[BlackTeam "Hamburger SK U20 Girls"]
[WhiteTeamCountry "GER"]
[BlackTeamCountry "GER"]

1. e4 e6 2. d4 d5 3. Nc3 Nf6 4. e5 Nfd7 5. f4 c5 6. Nf3 Nc6 7. Be3 a6 8. Be2 Qb6 9. Qd2 Be7 10. 0-0 cxd4 11. Nxd4 Nxd4 12. Bxd4 Bc5 13. Bxc5 Nxc5 14. Qd4 Qc7 15. Rae1 Bd7 16. Rf3 b5 17. f5 Rd8 18. Rg3 Rg8 19. Bd1 Qb6 20. Kh1 Na4 21. Qf4 Nxb2 22. f6 g6 23. Qh6 Qf2 24. Rg1 b4 25. Qxh7 Rf8 26. Nb1 Nxd1 27. Rxd1 Qe2 28. Rg1 Qxe5 29. Rxg6 Qf5 30. Rh6 Qxh7 31. Rxh7 Ba4 32. Rc1 Rc8 33. c3 bxc3 34. Rxc3 Rb8 35. Rc1 Bc2 36. Nd2 Bxh7 0-1

[Event "Rostock  PSV op 03rd"]
[Site "Rostock"]
[Date "2003.08.30"]
[Round "6"]
[White "Roesch, Christian"]
[Black "Salden, Franziska"]
[Result "0-1"]
[WhiteElo "1550"]
[BlackElo "1513"]
[PlyCount "88"]
[EventDate "2003.08.28"]
[EventType "swiss"]
[EventRounds "7"]
[EventCountry "GER"]
[SourceTitle "EXT 2009"]
[Source "ChessBase"]
[SourceDate "2008.11.26"]
[SourceVersion "1"]
[SourceVersionDate "2008.11.26"]
[SourceQuality "1"]

1. d4 d5 2. c4 e6 3. Nf3 Nf6 4. Nc3 Nbd7 5. cxd5 exd5 6. Bg5 Be7 7. e3 0-0 8. Bd3 h6 9. Bh4 c6 10. 0-0 Ne4 11. Bxe7 Qxe7 12. Bxe4 dxe4 13. Nd2 Nf6 14. Qe2 b6 15. f3 exf3 16. Nxf3 Re8 17. Ne5 c5 18. Qd3 Bb7 19. Rf2 a5 20. Re1 Rf8 21. Qb5 Qe6 22. Qd3 Nd7 23. Nf3 Ba6 24. Qd2 Rad8 25. d5 Qe7 26. e4 Bb7 27. Qf4 Nf6 28. Nd2 Nxd5 29. Nxd5 Bxd5 30. b3 Bc6 31. Nc4 Rb8 32. e5 Rfd8 33. Ref1 Rd7 34. Nd6 Rf8 35. Qf5 Bd5 36. Rf4 Qe6 37. g4 Qxf5 38. gxf5 f6 39. Rd1 fxe5 40. Rf2 Rxd6 41. Rfd2 Rfd8 42. Kf2 Kf7 43. Kg3 Ke7 44. Kg4 Bf3+ 0-1

[Event "Rostock  PSV op 03rd"]
[Site "Rostock"]
[Date "2003.08.28"]
[Round "1"]
[White "Salden, Franziska"]
[Black "Oldach, Ehrenfried"]
[Result "0-1"]
[WhiteElo "1513"]
[BlackElo "2057"]
[PlyCount "50"]
[EventDate "2003.08.28"]
[EventType "swiss"]
[EventRounds "7"]
[EventCountry "GER"]
[SourceTitle "EXT 2009"]
[Source "ChessBase"]
[SourceDate "2008.11.26"]
[SourceVersion "1"]
[SourceVersionDate "2008.11.26"]
[SourceQuality "1"]

1. e4 e5 2. Nf3 Nc6 3. d4 exd4 4. Nxd4 Bc5 5. Be3 Qf6 6. c3 Nge7 7. Bc4 Ne5 8. Bb3 d6 9. h3 0-0 10. 0-0 Qg6 11. Kh2 Qxe4 12. Bg5 N7c6 13. Bc2 Qd5 14. Nxc6 bxc6 15. Nd2 Ng4+ 16. hxg4 Qxg5 17. Ne4 Qh4+ 18. Kg1 Bxg4 19. Qd2 Bb6 20. Qf4 f5 21. Ng3 Qf6 22. Kh1 Rae8 23. Ba4 Re6 24. Bxc6 Qh4+ 25. Kg1 Rh6 0-1

[Event "Leipzig VfB op 10th"]
[Site "Leipzig"]
[Date "2003.03.16"]
[Round "9"]
[White "Salden, Franziska"]
[Black "Mikolajewski, Armin"]
[Result "1/2-1/2"]
[WhiteElo "1575"]
[BlackElo "1820"]
[PlyCount "45"]
[EventDate "2003.03.11"]
[EventType "swiss"]
[EventRounds "9"]
[EventCountry "GER"]
[SourceTitle "EXT 2008"]
[Source "ChessBase"]
[SourceDate "2007.11.25"]
[SourceVersion "1"]
[SourceVersionDate "2007.11.25"]
[SourceQuality "1"]

1. e4 e5 2. Nf3 Nc6 3. d4 exd4 4. Nxd4 Bc5 5. Be3 Qf6 6. c3 Bb6 7. Bc4 Nge7 8. 0-0 0-0 9. f4 Nxd4 10. cxd4 d5 11. e5 Qh4 12. Be2 Nf5 13. Qd2 Nxe3 14. Qxe3 Bf5 15. Nc3 c6 16. Bd3 Bg4 17. h3 Bd7 18. Na4 Rfe8 19. Nxb6 axb6 20. f5 c5 21. Rf4 Qe7 22. Qg3 g6 23. f6 1/2-1/2

[Event "Leipzig VfB op 10th"]
[Site "Leipzig"]
[Date "2003.03.15"]
[Round "7"]
[White "Salden, Franziska"]
[Black "Schlegel, Harald"]
[Result "1/2-1/2"]
[WhiteElo "1575"]
[BlackElo "1393"]
[PlyCount "62"]
[EventDate "2003.03.11"]
[EventType "swiss"]
[EventRounds "9"]
[EventCountry "GER"]
[SourceTitle "EXT 2008"]
[Source "ChessBase"]
[SourceDate "2007.11.25"]
[SourceVersion "1"]
[SourceVersionDate "2007.11.25"]
[SourceQuality "1"]

1. e4 Nf6 2. e5 Nd5 3. c4 Nb6 4. d4 d6 5. exd6 exd6 6. h3 N8d7 7. Nf3 Be7 8. Bd3 0-0 9. 0-0 Re8 10. Nc3 Nf6 11. d5 Nbd7 12. Be3 a6 13. Qc2 g6 14. Rae1 Nc5 15. Bxc5 dxc5 16. Nd2 Bf8 17. Nde4 Bf5 18. g4 Bxe4 19. Nxe4 Nxe4 20. Bxe4 Bg7 21. Qd2 Qh4 22. Bg2 Be5 23. Re4 Qd8 24. Rfe1 Qd6 25. Kh1 Re7 26. Qe2 Rae8 27. g5 Kf8 28. b3 Bf4 29. Rxe7 Rxe7 30. Qxe7+ Qxe7 31. Rxe7 Kxe7 1/2-1/2

[Event "Leipzig VfB op 10th"]
[Site "Leipzig"]
[Date "2003.03.13"]
[Round "4"]
[White "Salden, Franziska"]
[Black "Joehnk, Christian"]
[Result "1/2-1/2"]
[WhiteElo "1575"]
[BlackElo "2045"]
[PlyCount "61"]
[EventDate "2003.03.11"]
[EventType "swiss"]
[EventRounds "9"]
[EventCountry "GER"]
[SourceTitle "EXT 2008"]
[Source "ChessBase"]
[SourceDate "2007.11.25"]
[SourceVersion "1"]
[SourceVersionDate "2007.11.25"]
[SourceQuality "1"]

1. e4 e5 2. Nf3 Nf6 3. Nxe5 Nxe4 4. Qe2 Qe7 5. Qxe4 d6 6. d4 dxe5 7. Qxe5 Qxe5+ 8. dxe5 Bf5 9. c3 Nd7 10. f4 Bc5 11. Nd2 0-0-0 12. Nb3 Bb6 13. Nd4 Bxd4 14. cxd4 Nb6 15. Be3 Nd5 16. Kf2 Rd7 17. Rd1 Rhd8 18. Be2 Be4 19. Bg4 Bxg2 20. Bxd7+ Kxd7 21. Rhg1 Be4 22. Rxg7 Ke6 23. Rgg1 Nb4 24. Ke2 Nxa2 25. Ra1 Bd5 26. Kd2 b6 27. Rg7 Rh8 28. Rf1 Be4 29. Rg5 h6 30. Rg7 Nb4 31. Ra1 1/2-1/2

[Event "Leutersdorf Muench Braeu op 08th"]
[Site "Leutersdorf"]
[Date "2003.02.15"]
[Round "8"]
[White "Salden, Franziska"]
[Black "Byhan, Markus"]
[Result "1/2-1/2"]
[WhiteElo "1457"]
[BlackElo "1704"]
[PlyCount "45"]
[EventDate "2003.02.12"]
[EventType "swiss"]
[EventRounds "9"]
[EventCountry "GER"]
[SourceTitle "CBM 092 Extra"]
[Source "ChessBase"]
[SourceDate "2003.03.07"]
[SourceVersion "1"]
[SourceVersionDate "2003.03.07"]
[SourceQuality "1"]

1. e4 Nf6 2. Nc3 d5 3. exd5 Nxd5 4. Bc4 Nb6 5. Bb3 c5 6. d3 Nc6 7. Qf3 e6 8. Nge2 Be7 9. Bf4 0-0 10. h4 Na5 11. h5 Nxb3 12. axb3 Nd5 13. Nxd5 exd5 14. Nc3 Be6 15. g4 Re8 16. Nb5 Bf6 17. 0-0 Re7 18. g5 Bxb2 19. Rab1 a6 20. Nc7 Rxc7 21. Bxc7 Qxc7 22. Rxb2 Qe5 23. Rbb1 1/2-1/2

[Event "Leutersdorf Muench Braeu op 08th"]
[Site "Leutersdorf"]
[Date "2003.02.14"]
[Round "5"]
[White "Drossel, Christoph"]
[Black "Salden, Franziska"]
[Result "0-1"]
[WhiteElo "1366"]
[BlackElo "1457"]
[PlyCount "56"]
[EventDate "2003.02.12"]
[EventType "swiss"]
[EventRounds "9"]
[EventCountry "GER"]
[SourceTitle "CBM 092 Extra"]
[Source "ChessBase"]
[SourceDate "2003.03.07"]
[SourceVersion "1"]
[SourceVersionDate "2003.03.07"]
[SourceQuality "1"]

1. c4 e5 2. Nc3 Bb4 3. Nf3 Bxc3 4. bxc3 d6 5. d4 Nd7 6. e3 Ngf6 7. Be2 0-0 8. 0-0 Re8 9. Ba3 Ne4 10. Qc2 exd4 11. cxd4 Ndf6 12. Bd3 c5 13. Rfe1 a6 14. Nd2 Nxd2 15. Qxd2 Qc7 16. Qc2 Bd7 17. Bb2 h6 18. dxc5 dxc5 19. Bxf6 gxf6 20. Qc3 Qe5 21. Qxe5 fxe5 22. Red1 Ba4 23. Rd2 Red8 24. Kf1 e4 25. Bc2 Rxd2 26. Bxa4 Rad8 27. Ke1 Rb2 28. Rc1 Rdd2 0-1

[Event "GER-chT U20 Girls"]
[Site "Meppen"]
[Date "2002.12.29"]
[Round "5.2"]
[White "Rohlfs, Ricarda"]
[Black "Salden, Franziska"]
[Result "1-0"]
[WhiteElo "1617"]
[BlackElo "1405"]
[PlyCount "75"]
[EventDate "2002.12.27"]
[EventType "team"]
[EventRounds "7"]
[EventCountry "GER"]
[SourceTitle "CBM 092 Extra"]
[Source "ChessBase"]
[SourceDate "2003.03.07"]
[SourceVersion "1"]
[SourceVersionDate "2003.03.07"]
[SourceQuality "1"]

1. e4 e6 2. d4 d5 3. Nc3 Nf6 4. Bg5 dxe4 5. Nxe4 Be7 6. Nxf6+ Bxf6 7. Bxf6 Qxf6 8. Nf3 Nc6 9. Bb5 Bd7 10. Qd2 0-0-0 11. 0-0-0 Qf5 12. Bd3 Qf6 13. c3 Ne7 14. Bc2 Bc6 15. Qg5 Nd5 16. Qxf6 gxf6 17. Rhg1 h6 18. Rde1 Nf4 19. Nh4 Rhg8 20. f3 Bb5 21. Kb1 Bc6 22. Be4 Bb5 23. g3 Nd5 24. f4 Nb6 25. Nf3 Nc4 26. Kc1 Rd6 27. Rg2 Ra6 28. a3 Nd6 29. Bc2 Bc6 30. Rf2 Rb6 31. Nd2 Rd8 32. c4 Ra6 33. Bd3 Ra4 34. Kb1 b5 35. Rc1 bxc4 36. Nxc4 Nxc4 37. Bxc4 Rxd4 38. Bxe6+ 1-0

[Event "GER-chT U20 Girls"]
[Site "Meppen"]
[Date "2002.12.28"]
[Round "4.2"]
[White "Salden, Franziska"]
[Black "Stoehr, Friederike"]
[Result "0-1"]
[WhiteElo "1405"]
[BlackElo "1579"]
[PlyCount "82"]
[EventDate "2002.12.27"]
[EventType "team"]
[EventRounds "7"]
[EventCountry "GER"]
[SourceTitle "CBM 092 Extra"]
[Source "ChessBase"]
[SourceDate "2003.03.07"]
[SourceVersion "1"]
[SourceVersionDate "2003.03.07"]
[SourceQuality "1"]

1. e4 e6 2. d4 d5 3. Nc3 Nf6 4. e5 Nfd7 5. f4 c5 6. Nf3 Nc6 7. Be3 a6 8. Be2 Qb6 9. Qd2 cxd4 10. Nxd4 Nxd4 11. Bxd4 Qc7 12. 0-0 Nb6 13. Rae1 Nc4 14. Bxc4 Qxc4 15. Kh1 Bd7 16. Qd1 Rc8 17. g4 b5 18. a3 a5 19. Rf2 b4 20. axb4 axb4 21. Nb1 Bb5 22. f5 Bc5 23. Bxc5 Qxc5 24. Qd2 Rf8 25. Rf4 Qxc2 26. Qxc2 Rxc2 27. Rxb4 Rc5 28. Nc3 Bd7 29. Ra1 exf5 30. Ra8+ Ke7 31. Rxf8 Kxf8 32. Rb8+ Rc8 33. Rb7 Rd8 34. Nd1 fxg4 35. Ne3 d4 36. Rxd7 Rxd7 37. Nxg4 d3 38. Nf2 d2 39. Nd1 Re7 40. Kg2 Rxe5 41. Kf2 Ke7 0-1

[Event "GER-chT U14 Girls"]
[Site "Greifswald"]
[Date "2001.12.30"]
[Round "7.4"]
[White "Deichmann, Schirin"]
[Black "Salden, Franziska"]
[Result "0-1"]
[WhiteElo "100"]
[BlackElo "1224"]
[PlyCount "105"]
[EventDate "2001.12.27"]
[EventType "team-swiss"]
[EventRounds "7"]
[EventCountry "GER"]
[SourceTitle "EXT 2003"]
[Source "ChessBase"]
[SourceDate "2002.11.25"]
[SourceVersion "1"]
[SourceVersionDate "2002.11.25"]
[SourceQuality "1"]
[WhiteTeam "Eppendorf Johanneum U14 Girls"]
[BlackTeam "Leipzig Gohlis U14 Girls"]
[WhiteTeamCountry "GER"]
[BlackTeamCountry "GER"]

1. e4 e5 2. Nf3 Nc6 3. Bc4 Bc5 4. Nc3 Nf6 5. d3 h6 6. Be3 Bb6 7. Nd5 Bxe3 8. Nxe3 d6 9. h3 Be6 10. Nd5 Na5 11. 0-0 Nxc4 12. dxc4 Nxe4 13. Qd3 Nf6 14. Rfe1 0-0 15. Nd2 Nxd5 16. cxd5 Bd7 17. Nb3 b6 18. Nc1 f5 19. f3 Qg5 20. Ne2 f4 21. g4 fxg3 22. Kg2 Qh5 23. Rh1 Bb5 24. c4 Bxc4 25. Nxg3 Qxh3+ 26. Rxh3 Bxd3 27. Rd1 Bc4 28. b3 Bb5 29. Nh5 Rf5 30. Rg1 Rg5+ 31. Kf2 Rxg1 32. Kxg1 Rf8 33. Rg3 g5 34. Kf2 Kh7 35. Rh3 Bd7 36. Rh2 e4 37. Kg2 exf3+ 38. Kf2 Be8 39. Ng3 g4 40. Rh4 Bd7 41. Ne4 Kg6 42. a4 Rf4 43. Ke3 Rf7 44. Kf2 Re7 45. Ke3 Bf5 46. Kf2 Rxe4 47. Kg3 Re1 48. Rh2 Re2 49. Rh1 Kg5 50. Rg1 Rg2+ 51. Rxg2 fxg2 52. Kxg2 Be4+ 53. Kg3 0-1

[Event "GER-chT U14 Girls"]
[Site "Greifswald"]
[Date "2001.12.27"]
[Round "2.4"]
[White "Scholz, Ramona"]
[Black "Salden, Franziska"]
[Result "0-1"]
[WhiteElo "1033"]
[BlackElo "1224"]
[PlyCount "108"]
[EventDate "2001.12.27"]
[EventType "team-swiss"]
[EventRounds "7"]
[EventCountry "GER"]
[SourceTitle "EXT 2003"]
[Source "ChessBase"]
[SourceDate "2002.11.25"]
[SourceVersion "1"]
[SourceVersionDate "2002.11.25"]
[SourceQuality "1"]
[WhiteTeam "Spelle St Johannes U14 Girls"]
[BlackTeam "Leipzig Gohlis U14 Girls"]
[WhiteTeamCountry "GER"]
[BlackTeamCountry "GER"]

1. e4 e5 2. f4 exf4 3. Nf3 Nc6 4. Bc4 g6 5. Nc3 Bg7 6. 0-0 d6 7. d4 Nge7 8. Ng5 0-0 9. Rxf4 d5 10. exd5 Na5 11. Bd3 Nxd5 12. Rf2 Bxd4 13. Qf1 Bxf2+ 14. Qxf2 a6 15. Bd2 Nxc3 16. bxc3 b5 17. Rf1 Qe7 18. Qh4 h5 19. h3 Nc6 20. g4 Ne5 21. Be4 Rb8 22. gxh5 Kg7 23. h6+ Kg8 24. c4 b4 25. Be1 Be6 26. Bg3 Nd7 27. Bc6 Qc5+ 28. Kh2 Qxc6 29. h7+ Kg7 30. Qd4+ f6 31. c5 Rbd8 32. Bxc7 Qxc7+ 33. Kg1 Qc6 34. c3 Ne5 35. Qe3 fxg5 36. Rxf8 Rxf8 37. Qxe5+ Kf7 38. h8Q Rxh8 39. Qxh8 Qxc5+ 40. Kh2 Qxc3 41. Qh7+ Qg7 42. Qxg7+ Kxg7 43. a4 bxa3 44. Kg3 a2 45. h4 a1Q 46. hxg5 Qd4 47. Kf3 a5 48. Kg3 a4 49. Kf3 a3 50. Kg3 a2 51. Kf3 a1Q 52. Kg3 Qac3+ 53. Kg2 Qdd2+ 54. Kf1 Qcc1# 0-1